| 000 | 01070cam a2200205 4500 | ||
|---|---|---|---|
| 001 | ##L135610 | ||
| 008 | 061115n2006 000 0 eng u | ||
| 035 | _a(Sirsi) u135610 | ||
| 041 | 0 | _aeng | |
| 050 | 0 | 4 | _a690 $2 18 |
| 110 | 2 |
_aChartered Institute of Building _92134 |
|
| 245 | 0 | 0 |
_aCorruption in the UK construction industry _bsurvey 2006 |
| 260 |
_aLondon _bCIOB _c2006 |
||
| 520 | _aExamines the perceptions and experiences of corruption of 1 404 respondents working in a variety of sectors in the UK construction industry. Reveals that 51% of construction professionals felt that corruption is commonplace, 76% regarded the employment of illegal workers as widespread, 60% felt that fraud within the industry was rife, and 41% had been personally offered a bribe. The total cost of corruption to the respondent's companies was estimated at £35m year. | ||
| 590 | _aKA | ||
| 651 | 4 |
_aUnited Kingdom _y |
|
| 690 | _aBUILT ENVIRONMENT | ||
| 856 | 4 | 0 |
_uhttps://www.ciob.org.uk/news/view/1222 _zView the report free of charge at www.ciob.org.uk... |
| 942 | _n0 | ||
| 999 |
_c106109 _d106109 |
||